|
|
|
|
| LEADER |
01013nam a2200253 i 4500 |
| 001 |
10119392 |
| 003 |
GR-PaULI |
| 005 |
20230424114631.0 |
| 008 |
160310s2008 gr g d gre d |
| 952 |
|
|
|0 0
|1 0
|4 0
|6 889_280000000000000_ΣΕΡ
|7 0
|9 190135
|a THST
|b THST
|d 2016-04-24
|i 014144
|l 0
|o 889.28 ΣΕΡ
|p 025000138148
|r 2020-01-15 00:00:00
|t 1
|w 2016-04-24
|y BK15
|
| 999 |
|
|
|c 117086
|d 117086
|
| 020 |
|
|
|a 9789600438451
|
| 040 |
|
|
|a GR-PaULI
|c GR-PaULI
|
| 041 |
0 |
|
|a gre
|
| 082 |
0 |
4 |
|a 889.28
|2 23
|
| 100 |
1 |
|
|9 133886
|a Σερέφας, Σάκης,
|d 1960-
|e συγγραφέας
|
| 245 |
1 |
0 |
|a Σεμινάριο βλακείας /
|c Σάκης Σερέφας.
|
| 260 |
|
|
|a Αθήνα :
|b Κέδρος,
|c c2008.
|
| 300 |
|
|
|a 94 σ. ;
|c 20 εκ.
|
| 650 |
|
4 |
|a Ελληνικά θεατρικά έργα
|y 21ος αιώνας
|9 102577
|
| 650 |
|
4 |
|a Βλακεία
|9 61275
|
| 852 |
|
|
|a GR-PaULI
|b ΠΑΤΡΑ
|b ΘΕΑΤΡΟΛΟΓΙΑ
|k ΑΣΧΕ-3
|h 889.28 ΣΕΡ
|m 014144
|p 025000138148
|t 1
|
| 942 |
|
|
|2 ddc
|c BK15
|
| 998 |
|
|
|c ΜΑΝΙΑ
|d 2016-03
|